Особенности электродинамики высокочастотного факельного разряда, горящего в аргоне; Физическая электроника: ФЭ 2016

Podrobná bibliografie
Parent link:Физическая электроника: ФЭ 2016.— 2016.— [С. 43-47]
Hlavní autor: Луценко Ю. Ю. Юрий Юрьевич
Korporativní autor: Национальный исследовательский Томский политехнический университет
Další autoři: Гатауллина А. Р. Альбина Равильевна
Shrnutí:Заглавие с титульного листа
Jazyk:ruština
Vydáno: 2016
Témata:
On-line přístup:http://plasma.dgu.ru/konf/fp2016.pdf#page=43
Médium: MixedMaterials Elektronický zdroj Kapitola
KOHA link:https://koha.lib.tpu.ru/cgi-bin/koha/opac-detail.pl?biblionumber=652683

MARC

LEADER 00000naa0a2200000 4500
001 652683
005 20250902174846.0
035 |a (RuTPU)RU\TPU\network\18021 
035 |a RU\TPU\network\17904 
090 |a 652683 
100 |a 20170123d2016 k||y0rusy50 ca 
101 0 |a rus 
102 |a RU 
135 |a drcn ---uucaa 
181 0 |a i  
182 0 |a b 
200 1 |a Особенности электродинамики высокочастотного факельного разряда, горящего в аргоне  |f Ю. Ю. Луценко, А. Р. Гатауллина 
203 |a Текст  |c электронный 
300 |a Заглавие с титульного листа 
320 |a [Библиогр.: с. 47 (4 назв.)] 
463 1 |t Физическая электроника: ФЭ 2016  |o материалы IX Всероссийской конференции, г. Махачкала, 19 – 22 октября 2016 г.  |f Дагестанский государственный университет (ДГУ)  |v [С. 43-47]  |d 2016 
610 1 |a электронный ресурс 
610 1 |a труды учёных ТПУ 
610 1 |a электродинамика 
610 1 |a факельные разряды 
610 1 |a горение 
610 1 |a аргон 
700 1 |a Луценко  |b Ю. Ю.  |c физик  |c доцент Томского политехнического университета, доктор физико-математических наук  |f 1962-  |g Юрий Юрьевич  |3 (RuTPU)RU\TPU\pers\26568  |9 12257 
701 1 |a Гатауллина  |b А. Р.  |g Альбина Равильевна 
712 0 2 |a Национальный исследовательский Томский политехнический университет  |c (2009- )  |9 26305 
801 2 |a RU  |b 63413507  |c 20170123  |g RCR 
850 |a 63413507 
856 4 |u http://plasma.dgu.ru/konf/fp2016.pdf#page=43 
942 |c CF